| 000 | 00373nam a2200145Ia 4500 | ||
|---|---|---|---|
| 008 | 230917s9999||||xx |||||||||||||| ||und|| | ||
| 040 |
_e13665 _aMAIN |
||
| 041 | _aEnglish | ||
| 082 | _a338.544 B979H | ||
| 100 | _aButter, William F, ed. | ||
| 245 | 0 | _aHow business economists forecast | |
| 260 |
_aNew Jersey _bPrentice Hall _c1966 |
||
| 300 | _axiv, 540 p. | ||
| 942 | _cBK | ||
| 999 |
_c93943 _d93943 |
||